Statistics for Altaic Language Family

Click here to take the quiz!

General Stats

  • This quiz has been taken 54 times
  • The average score is 4 of 5

Answer Stats

LanguagesClassification% Correct
Altai, Kazakh, Turkish, Uyghur, YakutTurkic
97%
Amami, Japanese, Okinawan, YaeyamaJaponic
89%
Jeju, KoreanKoreanic
89%
Buryat, Daur, Kalmyk Oirat, Mongolian, SantaMongolic
86%
Evenki, Manchu, Nanai, Oroqen, XibeTungusic
64%

Score Distribution

Percentile by Number Answered

Percent of People with Each Score

Your Score History

You have not taken this quiz